| 000 | 01232cam a2200229 4500 | ||
|---|---|---|---|
| 001 | ABS68282 | ||
| 008 | 040813n2004 000 0 eng u | ||
| 035 | _a(Sirsi) u127065 | ||
| 245 | _aOades and another v Eke (VO) | ||
| 260 | _c2004 | ||
| 490 |
_aRating Appeals _v[2004] RA 161-170(6) |
||
| 520 | _aRA/17/2003, 22 March 2004. Appeal by ratepayers (O) against a LVT decision which held that holiday chalets together with store and premises should be assessed as separate hereditaments rather than a single rateable unit. O argued that the accommodation units were caravans within the terms of the Non-Domestic Rating (Caravan Sites) Regulations 1990 and the Caravan Sites and Control of Development Act 1960 s29. LT held that the chalets were not caravans within the Regulations on the grounds that the chalets were not capable of being moved from one place to another. Appeal dismissed. | ||
| 590 | _aABS | ||
| 590 | _aABS | ||
| 650 | _aOADES AND ANOTHER V EKE (VO) | ||
| 650 | _aCARAVANS | ||
| 650 | _aHOLIDAY CHALETS | ||
| 650 | _aNON-DOMESTIC RATING (CARAVAN SITES) REGULATIONS 1990 | ||
| 650 | _aCARAVAN SITES AND CONTROL OF DEVELOPMENT ACT 1960 | ||
| 690 | _aRATING AND LOCAL TAXATION-CASE LAW | ||
| 942 | _n0 | ||
| 999 |
_c117852 _d117852 |
||